000
00436nam a2200145Ia 4500
008
100204s9999 xx 000 0 und d
082
_b
9022
100
_a
शिरोडकर रजनी
245
_a
उद्रेक
260
_b
"बांदोडकर पब्लिशिंग हाऊस, गोवा"
_c
1987
300
_a
224
630
_a
उद्रेक
730
_a
उद्रेक
942
_c
BOOK
999
_c
453458
_d
453455